[Event "St Petersburg Korchnoi Memorial op"]
[Site "St Petersburg"]
[Date "2019.08.22"]
[Round "9"]
[White "Pronin, Vladimir"]
[Black "Emdin, Mark"]
[Result "0-1"]
[WhiteElo "1930"]
[BlackElo "2173"]
[PlyCount "88"]
[EventDate "2019.08.14"]
[EventType "swiss"]
[EventRounds "9"]
[EventCountry "RUS"]
[SourceTitle "CBM 192"]
[Source "ChessBase"]
[SourceDate "2019.10.31"]
[SourceVersion "1"]
[SourceVersionDate "2019.10.31"]
[SourceQuality "1"]

1. e4 e6 2. d3 d5 3. Nd2 c5 4. Ngf3 Nc6 5. g3 Bd6 6. Bg2 Nge7 7. 0-0 0-0 8. Re1 Bc7 9. c3 a5 10. Nf1 b6 11. h4 Ba6 12. e5 Qb8 13. d4 cxd4 14. cxd4 b5 15. Be3 Bb6 16. Qd2 Qa7 17. g4 Rac8 18. Rec1 f6 19. exf6 Rxf6 20. N1h2 Rcf8 21. g5 R6f7 22. g6 hxg6 23. Ng5 Nxd4 24. Nxf7 Rxf7 25. Rd1 Nef5 26. Ng4 Nxe3 27. Nxe3 b4 28. Re1 Nf5 29. Ng4 Bc8 30. Rac1 Nd6 31. Rf1 Ba6 32. Rfe1 Bc8 33. Rxc8+ Nxc8 34. Rxe6 Ne7 35. Bxd5 Nxd5 36. Re8+ Kh7 37. Qxd5 Bxf2+ 38. Kg2 Bxh4 39. Kh3 Bf6 40. Qh1 Bg5 41. Qd5 Bf6 42. Nxf6+ gxf6 43. Qd8 Qd7+ 44. Qxd7 Rxd7 0-1

[Event "St Petersburg Korchnoi Memorial op"]
[Site "St Petersburg"]
[Date "2019.08.17"]
[Round "4"]
[White "Emdin, Mark"]
[Black "Savitskiy, Sergey"]
[Result "1/2-1/2"]
[WhiteElo "2173"]
[BlackElo "2418"]
[PlyCount "136"]
[EventDate "2019.08.14"]
[EventType "swiss"]
[EventRounds "9"]
[EventCountry "RUS"]
[SourceTitle "CBM 192"]
[Source "ChessBase"]
[SourceDate "2019.10.31"]
[SourceVersion "1"]
[SourceVersionDate "2019.10.31"]
[SourceQuality "1"]

1. e4 c5 2. Nc3 Nc6 3. g3 g6 4. Bg2 Bg7 5. d3 e6 6. Be3 Nd4 7. Nce2 d6 8. c3 Nc6 9. Qd2 Rb8 10. d4 cxd4 11. Nxd4 a6 12. Nxc6 bxc6 13. Bd4 e5 14. Be3 Ne7 15. Ne2 0-0 16. 0-0 f5 17. exf5 gxf5 18. Rad1 d5 19. f4 e4 20. Bc5 Rf6 21. Nd4 Ng6 22. Rf2 Nf8 23. Bf1 Qe8 24. Qe3 Nd7 25. Ba7 Ra8 26. Nb3 Rg6 27. Rfd2 Nf6 28. Be2 h5 29. Bd4 h4 30. Bxf6 Rxf6 31. gxh4 Be6 32. Kh1 Rh6 33. h5 Kh7 34. Rg1 Bf6 35. Bd1 Bf7 36. Nd4 Bxh5 37. Nxf5 Bxd1 38. Rgxd1 Rh5 39. Ng3 Rh3 40. Kg2 Rh4 41. c4 Qc8 42. f5 Qg8 43. cxd5 cxd5 44. Rxd5 Qg4 45. Qe2 Qh3+ 46. Kg1 Rg8 47. Qg2 Qg4 48. Re1 Kh8 49. Rd6 Qg5 50. Rxf6 Qxf6 51. Rxe4 Qb6+ 52. Kh1 Rh6 53. b3 Qd6 54. Re3 Qd1+ 55. Qg1 Qd2 56. Re7 Qd5+ 57. Qg2 Qd4 58. Qg1 Qc3 59. Qe3 Qa1+ 60. Kg2 Qf6 61. Qe5 Rc8 62. Qxf6+ Rxf6 63. Re2 Rfc6 64. Kf3 Rc2 65. Re7 Rxh2 66. Ne4 Rf8 67. f6 Rxa2 68. Ra7 Ra3 1/2-1/2

[Event "St Petersburg Intellectual"]
[Site "St Petersburg"]
[Date "2014.11.10"]
[Round "1"]
[White "Timerkhanov, Alexander"]
[Black "Emdin, Mark"]
[Result "1/2-1/2"]
[WhiteElo "2305"]
[BlackElo "2149"]
[PlyCount "140"]
[EventDate "2014.11.10"]
[EventType "tourn"]
[EventRounds "9"]
[EventCountry "RUS"]
[EventCategory "3"]
[SourceTitle "CBM 163 Extra"]
[Source "ChessBase"]
[SourceDate "2014.12.23"]
[SourceVersion "1"]
[SourceVersionDate "2014.12.23"]
[SourceQuality "1"]

1. d4 d5 2. c4 c6 3. Nf3 Nf6 4. Nbd2 Bf5 5. Nh4 Bg6 6. Qb3 Qc7 7. Nxg6 hxg6 8. g3 Nbd7 9. Bg2 e6 10. 0-0 Be7 11. e4 dxe4 12. Nxe4 Nxe4 13. Bxe4 Nf6 14. Bg2 Qb6 15. Bf4 Rd8 16. Rfd1 Qxb3 17. axb3 a6 18. Bc7 Rd7 19. Ba5 0-0 20. Bc3 Bd8 21. Rd2 Bc7 22. Rad1 Rfd8 23. b4 Bb6 24. h3 g5 25. Kf1 Kh7 26. Ke2 Kg6 27. Rd3 Kh7 28. b3 Kg6 29. Bf3 Ba7 30. h4 g4 31. Bg2 Bb8 32. Ke3 Ba7 33. Ke2 Bb8 34. Bb2 Re8 35. Re3 Kh7 36. Bc3 Kg8 37. Rd2 Red8 38. Red3 Kf8 39. Rd1 Kg8 40. Bb2 Kf8 41. Bc1 Bd6 42. Bd2 Bb8 43. Be1 Ba7 44. Bc3 Bb8 45. R3d2 Kg8 46. Ra1 Ba7 47. Rad1 Bb8 48. Rd3 Kf8 49. R1d2 Kg8 50. Kd1 Kf8 51. Kc2 Kg8 52. Bb2 Kf8 53. Rd1 Kg8 54. Bc1 Kf8 55. Bg5 Bd6 56. Kc3 Be7 57. f3 gxf3 58. Bxf3 Ng8 59. Bxe7+ Nxe7 60. Be4 f6 61. Bg2 Kf7 62. Bh3 f5 63. Bg2 g6 64. Re1 Ng8 65. Bf3 Nf6 66. Re5 Rd6 67. Rd1 Nd7 68. Ree1 Nf6 69. Rd3 Rg8 70. Rde3 Rgd8 1/2-1/2

[Event "Liptovsky Mikulas CupT U20"]
[Site "Liptovsky Mikulas"]
[Date "2014.06.21"]
[Round "4.1"]
[White "Emdin, Mark"]
[Black "Mraz, Ondrej"]
[Result "1/2-1/2"]
[WhiteElo "2146"]
[BlackElo "2065"]
[PlyCount "64"]
[EventDate "2014.06.19"]
[EventType "team-swiss"]
[EventRounds "7"]
[EventCountry "SVK"]
[SourceTitle "EXT 2015"]
[Source "ChessBase"]
[SourceDate "2014.11.20"]
[SourceVersion "1"]
[SourceVersionDate "2014.11.20"]
[SourceQuality "1"]
[WhiteTeam "St Petersburg (U18)"]
[BlackTeam "Liptov Chess School (U18)"]
[WhiteTeamCountry "RUS"]
[BlackTeamCountry "SVK"]

1. d4 d5 2. c4 c6 3. cxd5 cxd5 4. Bf4 e6 5. Nc3 Nc6 6. e3 a6 7. Bd3 Nf6 8. Rc1 Bd7 9. Nf3 Be7 10. Ne5 Rc8 11. 0-0 0-0 12. Bg3 Na5 13. f4 b5 14. Qe2 Nc4 15. f5 Nd6 16. fxe6 Bxe6 17. a4 b4 18. Na2 a5 19. Nc6 Qe8 20. Nxe7+ Qxe7 21. Rxc8 Rxc8 22. Bh4 Nde4 23. Bxe4 dxe4 24. d5 Bxd5 25. Bxf6 Qe6 26. Qh5 gxf6 27. Nc1 Rc2 28. Ne2 Rxe2 29. Qxe2 Bc4 30. Qf2 Bxf1 31. Qg3+ Kf8 32. Qb8+ Qe8 1/2-1/2

[Event "Chigorin Memorial 21st"]
[Site "St Petersburg"]
[Date "2013.10.07"]
[Round "3"]
[White "Emdin, Mark"]
[Black "Predke, Alexandr"]
[Result "0-1"]
[WhiteElo "2177"]
[BlackElo "2464"]
[PlyCount "56"]
[EventDate "2013.10.05"]
[EventType "swiss"]
[EventRounds "9"]
[EventCountry "RUS"]
[SourceTitle "CBM 156 Extra"]
[Source "ChessBase"]
[SourceDate "2013.10.22"]
[SourceVersion "1"]
[SourceVersionDate "2013.10.22"]
[SourceQuality "1"]

1. e4 e5 2. Nf3 Nc6 3. Bc4 Bc5 4. c3 Nf6 5. d3 0-0 6. 0-0 d5 7. exd5 Nxd5 8. Re1 Bg4 9. h3 Bh5 10. g4 Bg6 11. Nxe5 Nxe5 12. Rxe5 c6 13. d4 Bd6 14. Re1 f5 15. g5 f4 16. Qg4 Bf5 17. Qh4 h6 18. Nd2 hxg5 19. Qh5 Rf6 20. Qf3 Bc7 21. Bf1 Rg6 22. Bg2 Qd7 23. Ne4 g4 24. hxg4 Bxg4 25. Qd3 f3 26. Ng3 Qf7 27. c4 Bxg3 28. cxd5 Bd6 0-1

[Event "Baltija Cup"]
[Site "Palanga"]
[Date "2012.06.22"]
[Round "7"]
[White "Emdin, Mark"]
[Black "Tokranovs, Dmitrijs"]
[Result "1/2-1/2"]
[WhiteElo "2107"]
[BlackElo "1973"]
[PlyCount "71"]
[EventDate "2012.06.19"]
[EventType "swiss"]
[EventRounds "8"]
[EventCountry "LTU"]
[SourceTitle "CBM 149 Extra"]
[Source "ChessBase"]
[SourceDate "2012.08.24"]
[SourceVersion "1"]
[SourceVersionDate "2012.08.24"]
[SourceQuality "1"]

1. e4 e6 2. d4 d5 3. e5 c5 4. c3 Qb6 5. Nf3 Bd7 6. a3 Bb5 7. b4 cxd4 8. Bxb5+ Qxb5 9. cxd4 Ne7 10. Nc3 Qc4 11. Bb2 Nbc6 12. Rc1 Nf5 13. Na4 Qb5 14. Nc5 Bxc5 15. Rxc5 Qb6 16. 0-0 0-0 17. Bc3 Rac8 18. Qd2 Qd8 19. b5 Nce7 20. Bb4 Qd7 21. a4 b6 22. Rxc8 Rxc8 23. Rc1 h5 24. h3 Rc4 25. Rxc4 dxc4 26. Qc3 Qc7 27. Bxe7 Nxe7 28. Nd2 Nd5 29. Qxc4 Qxc4 30. Nxc4 Nc3 31. Nd6 Nxa4 32. Kf1 Nc3 33. Ke1 Kf8 34. Kd2 Nd5 35. Nc8 Ke8 36. Nxa7 1/2-1/2

[Event "Chigorin Memorial 19th"]
[Site "St Petersburg"]
[Date "2011.10.14"]
[Round "1"]
[White "Kovalev, Vladislav"]
[Black "Emdin, Mark"]
[Result "1-0"]
[WhiteElo "2452"]
[BlackElo "2088"]
[PlyCount "93"]
[EventDate "2011.10.14"]
[EventType "swiss"]
[EventRounds "9"]
[EventCountry "RUS"]
[SourceTitle "CBM 144 Extra"]
[Source "ChessBase"]
[SourceDate "2011.10.28"]
[SourceVersion "1"]
[SourceVersionDate "2011.10.28"]
[SourceQuality "1"]

1. e4 e6 2. d4 d5 3. Nd2 c5 4. exd5 Qxd5 5. Ngf3 cxd4 6. Bc4 Qd6 7. 0-0 Nf6 8. Nb3 Nc6 9. Nbxd4 Nxd4 10. Nxd4 a6 11. Re1 Qc7 12. Bb3 Bd6 13. h3 Bh2+ 14. Kh1 Bf4 15. Qf3 Bxc1 16. Raxc1 0-0 17. Rcd1 Rb8 18. Re3 Qa5 19. Qg3 Bd7 20. Qe5 Qxe5 21. Rxe5 Rfd8 22. c3 Rbc8 23. Kh2 Kf8 24. g4 h6 25. f4 Ng8 26. Rde1 Re8 27. h4 Ne7 28. R5e2 Nc6 29. Nf3 Rcd8 30. Kg3 Na5 31. Ne5 Bb5 32. c4 Nxb3 33. axb3 Bc6 34. g5 h5 35. g6 f6 36. Nxc6 Rd3+ 37. Kf2 bxc6 38. Rxe6 Rxe6 39. Rxe6 Rxb3 40. Rxc6 Rxb2+ 41. Ke3 a5 42. Rc7 a4 43. Rf7+ Ke8 44. Rxg7 a3 45. Ra7 Rg2 46. g7 a2 47. Rxa2 1-0

[Event "Varna op 5th"]
[Site "Varna"]
[Date "2011.07.08"]
[Round "7"]
[White "Emdin, Mark"]
[Black "Qadimbayli, Qoshgar"]
[Result "1/2-1/2"]
[WhiteElo "2068"]
[BlackElo "1824"]
[PlyCount "137"]
[EventDate "2011.07.03"]
[EventType "swiss"]
[EventRounds "9"]
[EventCountry "BUL"]
[SourceTitle "CBM 143 Extra"]
[Source "ChessBase"]
[SourceDate "2011.08.29"]
[SourceVersion "1"]
[SourceVersionDate "2011.08.29"]
[SourceQuality "1"]

1. e4 e6 2. d4 d5 3. e5 c5 4. c3 Nc6 5. Nf3 Qb6 6. a3 c4 7. g3 Bd7 8. Bh3 Na5 9. Nbd2 Ne7 10. 0-0 Nb3 11. Nxb3 Ba4 12. Ng5 h6 13. Nxf7 Kxf7 14. Qf3+ Ke8 15. Nc5 Bd7 16. Nxd7 Kxd7 17. Qf7 g6 18. f4 Rg8 19. Qf6 Bg7 20. Qh4 Raf8 21. Qg4 a5 22. Qe2 a4 23. Be3 Qc6 24. Rae1 Rf7 25. Bc1 Rff8 26. Rf2 h5 27. Ref1 Rh8 28. Rf3 b5 29. R1f2 Qc8 30. Qe1 Qa8 31. Bf1 Rh7 32. Be2 Qe8 33. Bd1 Qf7 34. Bc2 Nf5 35. Qe2 Ra8 36. Kf1 Bf8 37. Ke1 Be7 38. Kd1 Rah8 39. Bd2 Kc6 40. Kc1 Kc7 41. Kb1 Kc6 42. Bc1 Kc7 43. Ka2 Kc6 44. Bd2 Kc7 45. Be1 Rf8 46. Rf1 Kc6 47. Bb1 Kb6 48. h3 Rfh8 49. Qc2 Qf8 50. Qd1 Bd8 51. g4 hxg4 52. hxg4 Ne7 53. f5 gxf5 54. gxf5 Nxf5 55. Bxf5 exf5 56. Rxf5 Qg8 57. Qf3 Rh3 58. Qf4 Qg2 59. Rf7 Qc2 60. Bd2 Rh2 61. e6 Ka6 62. Qd6+ Bb6 63. Bc1 Qxc3 64. Qxd5 Bxd4 65. Qc6+ Ka5 66. Qc7+ Ka6 67. Qd6+ Ka5 68. Qc7+ Ka6 69. Qd6+ 1/2-1/2

[Event "Varna op 5th"]
[Site "Varna"]
[Date "2011.07.07"]
[Round "6"]
[White "Dimov, Dian"]
[Black "Emdin, Mark"]
[Result "1-0"]
[WhiteElo "2287"]
[BlackElo "2068"]
[PlyCount "125"]
[EventDate "2011.07.03"]
[EventType "swiss"]
[EventRounds "9"]
[EventCountry "BUL"]
[SourceTitle "CBM 143 Extra"]
[Source "ChessBase"]
[SourceDate "2011.08.29"]
[SourceVersion "1"]
[SourceVersionDate "2011.08.29"]
[SourceQuality "1"]

1. e4 e6 2. d3 d5 3. Nd2 c5 4. Ngf3 Nc6 5. g3 Nf6 6. Bg2 g6 7. 0-0 Bg7 8. Re1 b6 9. c3 Bb7 10. e5 Nd7 11. d4 Qc7 12. Nf1 0-0-0 13. Bf4 h6 14. h4 Rdg8 15. Ne3 Bf8 16. Nxd5 Qd8 17. Nf6 Nxf6 18. exf6 Bd6 19. Qd2 cxd4 20. Bxh6 Qxf6 21. Bg5 Qf5 22. Nxd4 Nxd4 23. Bxb7+ Kxb7 24. Qxd4 Bc5 25. Qd7+ Ka6 26. Qa4+ Kb7 27. Qe4+ Qxe4 28. Rxe4 Rc8 29. Rd1 Rhe8 30. Re2 Kc6 31. Red2 Rc7 32. Kg2 e5 33. Rd8 Rc8 34. Rxc8+ Rxc8 35. Rd8 Rxd8 36. Bxd8 f5 37. Kf3 Kd5 38. Bg5 e4+ 39. Ke2 Bd6 40. Be3 Bc7 41. b3 Be5 42. Kd2 Kc6 43. a4 a6 44. c4 b5 45. cxb5+ axb5 46. a5 b4 47. a6 Bc3+ 48. Ke2 Be5 49. Bc5 Bf6 50. Ke3 Be5 51. Bd4 Bd6 52. g4 fxg4 53. Kxe4 Bc7 54. Be5 Bd8 55. Kf4 Bxh4 56. Bd4 g3 57. fxg3 Bd8 58. g4 Be7 59. Ke4 Bd6 60. a7 Kb7 61. Kd5 Bf4 62. Kc4 Bd2 63. Bc5 1-0

[Event "Varna op 5th"]
[Site "Varna"]
[Date "2011.07.06"]
[Round "5"]
[White "Emdin, Mark"]
[Black "Spassov, Liuben"]
[Result "1/2-1/2"]
[WhiteElo "2068"]
[BlackElo "2379"]
[PlyCount "123"]
[EventDate "2011.07.03"]
[EventType "swiss"]
[EventRounds "9"]
[EventCountry "BUL"]
[SourceTitle "CBM 143 Extra"]
[Source "ChessBase"]
[SourceDate "2011.08.29"]
[SourceVersion "1"]
[SourceVersionDate "2011.08.29"]
[SourceQuality "1"]

1. e4 c5 2. Nc3 Nc6 3. g3 g6 4. Bg2 Bg7 5. d3 d6 6. f4 Rb8 7. Nf3 b5 8. a3 e6 9. 0-0 Nge7 10. Be3 Nd4 11. Rb1 0-0 12. Ne2 e5 13. c3 Nxf3+ 14. Bxf3 exf4 15. Nxf4 a5 16. d4 cxd4 17. Bxd4 Nc6 18. Bxg7 Kxg7 19. Kh1 Be6 20. Bg2 Qe7 21. Nd5 Bxd5 22. Qxd5 Ne5 23. Rbd1 Rfd8 24. Rf2 h5 25. a4 Qa7 26. Qd4 Qxd4 27. Rxd4 bxa4 28. Rxa4 Nd3 29. Re2 Nxb2 30. Rxa5 Nc4 31. Ra1 Rb3 32. Rc1 Rdb8 33. Kg1 Rb1 34. Ree1 Rxc1 35. Rxc1 Rb2 36. Bf1 Ne5 37. Bg2 Kf6 38. Rf1+ Ke7 39. Rf2 Rxf2 40. Kxf2 Ng4+ 41. Kg1 Ke6 42. h3 Ne3 43. Bf3 Ke5 44. Kf2 Nc4 45. Ke2 Na5 46. Ke3 Nb3 47. Be2 Nc5 48. Bf3 f6 49. c4 Ne6 50. h4 Ng7 51. Bd1 g5 52. hxg5 fxg5 53. Be2 h4 54. gxh4 gxh4 55. Kf3 Ne6 56. Kg4 h3 57. Bf3 Nc5 58. Kxh3 Kf4 59. Bh5 Nxe4 60. Be8 Nd2 61. Bf7 Ke3 62. Kg2 1/2-1/2

[Event "Varna op 5th"]
[Site "Varna"]
[Date "2011.07.05"]
[Round "3"]
[White "Emdin, Mark"]
[Black "Pozharsky, Viktor"]
[Result "1-0"]
[WhiteElo "2068"]
[BlackElo "2399"]
[PlyCount "73"]
[EventDate "2011.07.03"]
[EventType "swiss"]
[EventRounds "9"]
[EventCountry "BUL"]
[SourceTitle "CBM 143 Extra"]
[Source "ChessBase"]
[SourceDate "2011.08.29"]
[SourceVersion "1"]
[SourceVersionDate "2011.08.29"]
[SourceQuality "1"]

1. e4 e5 2. Nf3 Nc6 3. Bc4 Nf6 4. d3 Bc5 5. 0-0 d6 6. c3 a6 7. Bb3 h6 8. Nbd2 Ba7 9. Re1 Be6 10. Nf1 Qd7 11. Ng3 Bxb3 12. Qxb3 0-0-0 13. Qc2 d5 14. Be3 Bxe3 15. Rxe3 dxe4 16. dxe4 h5 17. b4 h4 18. Nf1 h3 19. g3 Ng4 20. Re2 Qd3 21. Ne1 Qxc2 22. Rxc2 Rd7 23. f3 Nf6 24. Kf2 g5 25. Ne3 Rhd8 26. Ke2 Ne7 27. Rd1 Rxd1 28. Nxd1 g4 29. Nf2 gxf3+ 30. Nxf3 Ng6 31. Rd2 Rh8 32. Ng5 Nh5 33. Nxf7 Rf8 34. Ng5 Nf6 35. Nfxh3 b6 36. Nf2 Rh8 37. h4 1-0

[Event "Varna ETSCC 6th"]
[Site "Varna"]
[Date "2011.07.04"]
[Round "4.2"]
[White "Qadimbayli, Qoshgar"]
[Black "Emdin, Mark"]
[Result "1/2-1/2"]
[WhiteElo "1710"]
[BlackElo "2068"]
[PlyCount "28"]
[EventDate "2011.06.25"]
[EventType "swiss"]
[EventRounds "7"]
[EventCountry "BUL"]
[SourceTitle "EXT 2012"]
[Source "ChessBase"]
[SourceDate "2011.11.24"]
[SourceVersion "1"]
[SourceVersionDate "2011.11.24"]
[SourceQuality "1"]

1. e4 c6 2. c4 d5 3. cxd5 cxd5 4. exd5 Qxd5 5. Nc3 Qd6 6. d4 a6 7. Nf3 Nf6 8. h3 g6 9. Bd3 Bg7 10. 0-0 0-0 11. Be3 Nc6 12. Nd2 Nd5 13. Bh6 Rd8 14. Bxg7 Kxg7 1/2-1/2

[Event "Varna ETSCC 6th"]
[Site "Varna"]
[Date "2011.07.01"]
[Round "1.3"]
[White "Emdin, Mark"]
[Black "Shirokov, Alexander"]
[Result "1/2-1/2"]
[WhiteElo "2068"]
[BlackElo "1888"]
[PlyCount "76"]
[EventDate "2011.06.25"]
[EventType "swiss"]
[EventRounds "7"]
[EventCountry "BUL"]
[SourceTitle "EXT 2012"]
[Source "ChessBase"]
[SourceDate "2011.11.24"]
[SourceVersion "1"]
[SourceVersionDate "2011.11.24"]
[SourceQuality "1"]

1. d4 Nf6 2. c4 e6 3. Nc3 Bb4 4. Qc2 Nc6 5. Nf3 d6 6. Bg5 h6 7. Bd2 Qe7 8. e3 e5 9. d5 Bxc3 10. Bxc3 Nb8 11. e4 a5 12. Bd3 Nbd7 13. 0-0 Nc5 14. b3 Bg4 15. Ne1 Nh5 16. Bd2 Nf4 17. Bxf4 exf4 18. f3 Bd7 19. Qc3 f6 20. Bc2 Qe5 21. Qxe5+ fxe5 22. Nd3 Nxd3 23. Bxd3 Ke7 24. a3 b6 25. Kf2 g5 26. Be2 h5 27. h3 Rhg8 28. Rh1 Raf8 29. Rag1 Rg7 30. Rc1 g4 31. hxg4 hxg4 32. Rcg1 Rfg8 33. a4 gxf3 34. gxf3 Rxg1 35. Rxg1 Rxg1 36. Kxg1 Kf6 37. Kh2 Kg5 38. Bf1 Kh4 1/2-1/2